000 00403nam a2200169Ia 4500
003 Ost
005 20260225132555.0
008 260225s9999||||xx |||||||||||||| ||und||
020 _a9782707143938
040 _cfsic
041 _afre
082 _a440
100 _aAngnès Yves
_eAuteur
245 0 _aManuel de journalisme :
245 0 _bécrire pour le journale /
_cAngnès Yves
942 _cكتاب
999 _c34371
_d34371